000 01012nam a2200301 4500
003 EC-UNACH
005 20251023112356.0
006 s||||gr|||| 00| 00
008 150116t9999 mx r gr 000 0 spa d
020 _a978-9978-67-153-5
040 _aEC-UNACH
_cEC-UNACH
041 _aspa
082 0 4 _223
_a302.2
_bL017862
110 _aCrearimagen
245 _aOtras Naciones , Jóvenes , transnacionalismo y exclusión
250 _aPrimera edición
264 _aEcuador
_bCrearimagen
_c2008
300 _a254
505 _aPrimera parte : De estados Unidos a Ecuador y de Ecuador a España Segunda parte: Modelos de intervenciones comprensión y acompañamiento
650 _aLa globalización de los latín Kings
650 _aReinas y reyes latinos en Madrid
650 _aEtnografía de un mundo clandestino
700 _aMauro Cerbino y Luis Barrios
942 _2ddc
_c1
999 _c14070